000 00461cam a2200145 4500500
005 20260208000608.0
041 _afre
042 _adc
100 1 0 _aLascar, Alex
_eauthor
245 0 0 _aGrieving in Le Médecin de campagne
260 _c2003.
500 _a4
786 0 _nL’Année balzacienne | o 4 | 1 | 2003-06-01 | p. 63-76 | 0084-6473
856 4 1 _uhttps://shs.cairn.info/journal-l-annee-balzacienne-2003-1-page-63?lang=en&redirect-ssocas=7080
999 _c1643835
_d1643835